Missing Word: 2000s Movies 'S' Quiz Stats

 Plays Quiz Updated Sep 24, 2017

Challenge
Share
Tweet
Embed
Score 0/26 Timer 03:00
0 Plays Today
Hint Answer % Correct
____ TrekStar
97.9%
____-DooScooby
97.9%
Mr. & Mrs. ____Smith
95.2%
____ HolmesSherlock
94.8%
Forgetting ____ MarshallSarah
94.1%
____ on a PlaneSnakes
94%
____ the Last DanceSave
93.7%
Harry Potter and the Sorcerer's ____Stone
93.3%
____ of RockSchool
92%
Quantum of ____Solace
85.7%
My ____ KeeperSister's
85.2%
____ MillionaireSlumdog
85.1%
Eternal Sunshine of the ____ MindSpotless
80.3%
Hint Answer % Correct
____ RacerSpeed
78%
The Last King of ____Scotland
77%
The Bourne ____Supremacy
76.8%
____ of the DeadShaun
76.6%
The Blind ____Side
75.5%
The Life Aquatic with ____ ZissouSteve
65.5%
Wet Hot American ____Summer
62.2%
Garden ____State
61.2%
____ WindowSecret
60.1%
____ BrothersStep
59.5%
____ TroopersSuper
57.5%
____ AwaySpirited
55.7%
The ____ KeySkeleton
50.5%

Today's Daily Dose

You're not logged in!

Compare scores with friends on all Sporcle quizzes.
OR
Log In

You Might Also Like...

Show Comments

Extras

Top Quizzes Today


Score Distribution

Your Account Isn't Verified!

In order to create a playlist on Sporcle, you need to verify the email address you used during registration. Go to your Sporcle Settings to finish the process.

Report this User

Report this user for behavior that violates our Community Guidelines.

Details: